LEADER 01446nam--2200445---450- 001 990000957620203316 005 20091228124003.0 010 $a88-15-06082-0 035 $a0095762 035 $aUSA010095762 035 $a(ALEPH)000095762USA01 035 $a0095762 100 $a20020212d1997----km-y0itay0103----ba 101 $aita 102 $aIT 105 $a||||||||001yy 200 1 $aDalle rivolte alle rivoluzioni$fAlberto Tenenti 210 $aBologna$cIl Mulino$d1997 215 $a202 p$d21 cm 225 2 $aUniversale paperback Il Mulino$v323 410 $12001$aUniversale paperbacks Il mulino$v348 606 0 $aEuropa$xRivoluzioni$xSDtoria$zSec. 14.-17. 676 $a940.19 700 1$aTENENTI,$bAlberto$039822 801 0$aIT$bsalbc$gISBD 912 $a990000957620203316 951 $aXXX.A. Coll. 71/ 118 (COLL. AEZ 323)$b14683 G$cXXX.A. Coll. 71/ 118 (COLL. AEZ)$d00254337 959 $aBK 969 $aGIU 979 $aPATTY$b90$c20020212$lUSA01$h1624 979 $aPATTY$b90$c20020325$lUSA01$h1307 979 $c20020403$lUSA01$h1738 979 $aPATRY$b90$c20040406$lUSA01$h1706 979 $aCHIARA$b90$c20071128$lUSA01$h1105 979 $aFIORELLA$b90$c20081203$lUSA01$h1156 979 $aRSIAV3$b90$c20091228$lUSA01$h1240 979 $aCHIARA$b90$c20100917$lUSA01$h1359 979 $aCHIARA$b90$c20100917$lUSA01$h1408 996 $aDalle rivolte alle rivoluzioni$973671 997 $aUNISA LEADER 02280nam 2200433 450 001 9910806939403321 005 20200520144314.0 010 $a1-4232-3486-3 035 $a(CKB)3710000001404133 035 $a(MiAaPQ)EBC4877030 035 $a(Au-PeEL)EBL4877030 035 $a(CaPaEBR)ebr11397712 035 $a(OCoLC)990404861 035 $a(BIP)058715619 035 $a(EXLCZ)993710000001404133 100 $a20190123d2002 uy 0 101 0 $aeng 135 $aurcnu|||||||| 181 $ctxt$2rdacontent 182 $cc$2rdamedia 183 $acr$2rdacarrier 200 00$aAstronomy $ea comprehensive guide to the universe 210 1$a[Place of publication not identified] :$cBarCharts, Inc.,$d[2002] 210 4$d2002 215 $a1 online resource (6 pages) $cillustrations 311 $a1-4232-3465-0 330 8 $aAs a student, stargazer, or lover of our galaxy, space and the infinite, there is no resource for this price that in 6 pages can show you the universe this completely yet succinctly. Expertly authored with balanced coverage, the number of detailed facts and answers to our questions about planets, our galaxy and the universe makes this the biggest bang for your buck - guaranteed.6-page laminated guide includes:History of AstronomyAncient TimesThe Astronomy of GreecePioneers of AstronomySpace DimensionsOrigin of The Solar SystemDetails of the Terrestrial PlanetsDetails of the Jovian PlanetsComparative Data on the Jovian PlanetsThe Dwarf PlanetsThe SunThe StarsAtomsThe Properties of StarsStarlightGalaxiesConcepts of CosmologySuggested uses:Students - content is aligned to an entry college level or advanced high school astronomy course, for use as a quick and easy reference and review for that class as well as digging deeper for students in earth science courses at the high school levelStargazers & Space Lovers - for stargazers there are plenty of details as well as those space lovers of the far, far away 606 $aAstronomy$vOutlines, syllabi, etc 610 $aASTRONOMY 610 $aSCIENCE 615 0$aAstronomy 676 $a520 801 0$bMiAaPQ 801 1$bMiAaPQ 801 2$bMiAaPQ 906 $aBOOK 912 $a9910806939403321 996 $aAstronomy$91933962 997 $aUNINA